Enter the Gungeon: Tous les boss - Statistiques

Statistiques générales
  • Ce quiz a été pris 6 fois
  • Le résultat moyen est 11 sur 25
Statistiques - réponses
Hint Réponse % Correct
Chambre du roi balle Canardeur
100%
Gungeon Supérieur La Gorgun
100%
Chambre du roi balle Roi Balle
100%
Gungeon Supérieur Armaconda
67%
La mine Ballrog
67%
Enfer des Balles Liche
67%
Le Passé Agunim
33%
Boss Secrets Blobuchef
33%
Boss Secrets Blockner
33%
Forge Dragun
33%
La mine Fléau retourneur
33%
Le Passé Grand-Canon
33%
Boss Secrets Grand-Portier
33%
La mine Gunzer
33%
Limbes Haut Prêtre
33%
Le Passé Horreur interdimensionnelle
33%
Chambre du roi balle Joyeux et Lunette-Noires
33%
Le Passé La Dernière Humaine
33%
Limbes La Muraille de Machine
33%
Le Passé Monstre du Dr Griffe-de-Loup
33%
Le Passé Moustache noire
33%
Limbes Piliers de Mort
33%
Gungeon Supérieur Tirant-Oeil
33%
Le Passé Vaisseau Absolution
33%
Boss Secrets Vieux Roi
33%
Aucun quiz correspondant
Distribution des résultats
% des personnes avec chaque résultat
Percentile par nombre de réponses
Votre historique - résultats
Vous n’avez pas pris ce quiz